Spaces of vector-valued continuous functions
I tiakina i:
| Kaituhi matua: | |
|---|---|
| Hōputu: | Pukapuka |
| Reo: | Ingarihi |
| I whakaputaina: |
Berlín
Springer-Verlag
1983
|
| Rangatū: | Lecture Notes in Mathematics, 1003
|
| Ngā marau: | |
| Ngā Tūtohu: |
Tāpirihia he Tūtohu
Kāore He Tūtohu, Me noho koe te mea tuatahi ki te tūtohu i tēnei pūkete!
|
MARC
| LEADER | 00000nam a2200000 a 4500 | ||
|---|---|---|---|
| 001 | UCP3025 | ||
| 003 | CL-VaPUC | ||
| 008 | 990604e19830000GW |||||||||||||||||eng|d | ||
| 082 | 0 | 4 | |a 515.73 |b SCH |2 21 |
| 100 | 0 | |a Schmets, Jean |e author |9 430107 | |
| 245 | 1 | 0 | |a Spaces of vector-valued continuous functions |
| 300 | |a 117 p | ||
| 942 | |c BK | ||
| 945 | |d 19990604 00:00:00 |a crobeson | ||
| 260 | |a Berlín |b Springer-Verlag |c 1983 | ||
| 650 | 0 | |a Espacios vectoriales topológicos |9 424115 | |
| 650 | 0 | |a Función continua |9 422301 | |
| 650 | 7 | |a ESPACIOS CONVEXOS |2 CL-VaPUC |9 426293 | |
| 583 | |a last modification |c 19990604 00:00:00 |k Rodrigo Vera | ||
| 490 | 0 | |a Lecture Notes in Mathematics, 1003 | |
| 999 | |c 281474 |d 281472 | ||
| 952 | |0 0 |1 0 |4 0 |6 515_730000000000000_SCH_1983 |7 0 |8 A |9 322224 |a BIBMAT |b BIBMAT |d 2019-11-20 |i 1347438 |o 515.73 SCH 1983 |p 1347438 |r 2025-01-07 |w 2019-11-20 |y BK |k MAT | ||